• 首页
  • 本馆介绍
  • 公告通知
  • 最新文献
  • 馆藏检索
  • 电子资源
  • 读者导购
  • 参考咨询
  • 我的图书馆
  • 登录
  • 详细信息显示
  • 放入我的书架
  • 预约/预借图书
  • 作者相关作品
  • 分类相关作品
  • 丛书相关作品
  • 出版社相关作品

书目信息

  • 表格格式
  • 工作单格式
  • 卡片格式
题名:
正说清朝二十六后妃
    
 
作者: 徐广源, , 徐广源 著
分册:  
出版信息: 北京   新世界出版社  2019
页数: 582页
开本: 25cm
丛书名:
单 册:
中图分类: K828.5=49 , K828.5
科图分类:
主题词: 后妃--hou fei--列传--中国--清代
电子资源:
ISBN: 978-7-5104-6329-7
000 01005nam0 2200277 450
001 1963018755
005 20190530073831.2
010    @a978-7-5104-6329-7@b精装@dCNY 98.00
099    @aCAL 012019069587
100    @a20190530d2019 em y0chiy50 ea
101 0  @achi
102    @aCN@b110000
105    @aak z 000yc
200 1  @a正说清朝二十六后妃@Azheng shuo qing chao er shi liu hou fei@f徐广源
210    @a北京@c新世界出版社@d2019
215    @a582页@c图@d25cm
314    @a版权页题: 徐广源著
314    @a徐广源, 现任中国紫禁城学会理事。
330    @a本书是一本历史史料。本书是作者徐广源从清朝12个皇帝的230多位后妃中, 选出了比较有名、世人皆知的、争议和误解较多的26位后妃, 从入宫、升降、死亡、入葬、陵寝及地宫规制、随葬品等诸多方面进行了全面客观介绍。
606 0  @a后妃@Ahou fei@x列传@y中国@z清代
690    @aK828.5=49@v5
690    @aK828.5@v4
701  0 @a徐广源,@AXu Guangyuan@f1946-@4著
701  0 @a徐广源@Axu guang yuan
801  0 @aCN@bNEN@c20190530
905    @aBZT@dK828.5@e55
    
    正说清朝二十六后妃/徐广源.-北京:新世界出版社,2019
    582页:图;25cm
    
    
    ISBN 978-7-5104-6329-7(精装):CNY 98.00
    本书是一本历史史料。本书是作者徐广源从清朝12个皇帝的230多位后妃中, 选出了比较有名、世人皆知的、争议和误解较多的26位后妃, 从入宫、升降、死亡、入葬、陵寝及地宫规制、随葬品等诸多方面进行了全面客观介绍。
●
相关链接 在五车中查询图书 在当当中查询图书 在豆瓣中查询图书


正题名:正说清朝二十六后妃     索取号:K828.5/55         预约/预借

序号 登录号 条形码 馆藏地/架位号 状态 备注
1 869566   2000869566   第二书库/ [索取号:K828.5/55] 在馆    
2 869567   2000869567   第二书库/ [索取号:K828.5/55] 在馆    
3 869568   2000869568   第二书库/ [索取号:K828.5/55] 在馆    
山东省滨州职业学院图书馆 欢迎您!
大连网信软件有限公司© 版权所有